000 01308nam2a2200265 i 4500
001 RU\NLR\bibl\1889214
005 20240727164324.0
010 _a9785794304121
_970
021 _aRU
_b2012-18528
_91395
035 _a(NLR Aleph) 001878911
090 _a2763466
_c2763466
100 _a20120409d2011 u y0rusy50 ca
101 0 _arus
102 _aRU
105 _ay |||||||||
200 1 _aПриложения. Антикоррупционный тезаурус
210 _d2011
215 _a97, [1] c.
461 0 _1001RU\NLR\bibl\1895321
_12001#$aПротиводействие коррупции в государственном и муниципальном управлении$vЧ. 2
_92842028
_aНикифоров, В. С. (канд. юрид. наук)
_cРязань
_d2011
_fВ.С. Никифоров, В.Н. Минат
_nИзд-во Рязанского областного института развития образования
_oучебное пособие
_tПротиводействие коррупции в государственном и муниципальном управлении
_vЧ. 2
517 0 _aАнтикоррупционный тезаурус
801 0 _aRU
_bNLR
_c20120409
_gRCR
801 1 _aRU
_bNLR
_c20120409
942 _cBOOK
980 _aNBR